000
00295nam a2200109Ia 4500
008
171211s9999 xx 000 0 und d
245
_a
Das Strassenkampf Handbuch
245
_c
Peyton Quinn
260
_c
2003
650
_x
Martial Arts
856
_u
http://down.ebook777.com/057/9783933253118.pdf
999
_c
348190
_d
348190